000
00308nam a2200121Ia 4500
999
_c
3388
_d
3388
008
200103s 1963 ||||xx |||||||||||||| ||und||
082
_a
550.63
_b
HMS
100
_a
HMSO London
245
4
_a
The marine observer's handbook
260
_b
HMSO London
_c
1963
_a
London
300
_a
vii, 148p.
942
_c
BK